[Event "Championnat de France - Vétérans"]
[Site "PAU"]
[Date "2012.08.25"]
[Round "11.9"]
[White "Rosenfeld, Imre"]
[Black "Bensaid, Abdel"]
[Result "1-0"]
[WhiteElo "1898"]
[BlackElo "1669"]
[PlyCount "135"]

1. d4 d5 2. Nf3 Nf6 3. e3 c6 4. c4 Bg4 5. Qb3 Qb6 6. c5 Qc7 7. Ne5 Bf5 8. Be2
Nbd7 9. f4 h6 10. O-O e6 11. Bd2 Be7 12. Nc3 O-O 13. Bf3 Rfb8 14. Qa4 Nf8 15.
g4 Bh7 16. Be1 Ne4 17. Nxe4 dxe4 18. Be2 f6 19. Nc4 Qd7 20. Qc2 Qe8 21. Bg3 f5
22. Ne5 Nd7 23. gxf5 Bxf5 24. Kh1 Nf6 25. Bc4 Nd5 26. Bxd5 exd5 27. Qf2 Qh5 28.
b4 a6 29. a4 Qe8 30. Bh4 Kh7 31. Bxe7 Qxe7 32. Rg1 Rg8 33. Ra2 Raf8 34. b5 axb5
35. axb5 cxb5 36. Rb2 Bd7 37. Ng6 Qf6 38. Nxf8+ Rxf8 39. Qg3 Bc6 40. Rbg2 Rf7
41. Qg6+ Qxg6 42. Rxg6 Bd7 43. R6g2 Bh3 44. Rb2 Bd7 45. Kg2 Rf5 46. h4 Rf6 47.
Kf2 Rf5 48. Ke1 Rf6 49. Rbg2 Rf7 50. Kd2 Bh3 51. Rg3 Bd7 52. Kc3 Bc6 53. Kb4
Bd7 54. Ka5 Bc6 55. Kb6 Rd7 56. Rg6 b4 57. Rxc6 bxc6 58. Kxc6 Rd8 59. Rb1 Rb8
60. Kxd5 Kg6 61. Kc4 Kf5 62. Rxb4 Rd8 63. d5 Kg4 64. Rb7 Kf3 65. Kd4 Rg8 66. c6
Kg4 67. c7 Kxh4 68. Rb8 1-0

[Event "Championnat de France - Vétérans"]
[Site "PAU"]
[Date "2012.08.25"]
[Round "11.10"]
[White "Dubreuil, Remy"]
[Black "Guillaumat, Jean-Pierre"]
[Result "1/2-1/2"]
[WhiteElo "1854"]
[BlackElo "1839"]
[PlyCount "60"]

1. b4 d5 2. Bb2 Nf6 3. e3 Bf5 4. Nf3 Nbd7 5. a3 e6 6. d4 Bd6 7. c4 c6 8. c5 Bc7
9. Be2 O-O 10. O-O Ne4 11. Nbd2 Re8 12. Ne5 Nxd2 13. Qxd2 f6 14. Nxd7 Qxd7 15.
Bd3 e5 16. dxe5 Bxe5 17. Bd4 Bxd4 18. exd4 Bxd3 19. Qxd3 Re4 20. f3 Re7 21.
Rfe1 Rae8 22. Kf2 Rxe1 23. Rxe1 Rxe1 24. Kxe1 Qe7+ 25. Qe2 Kf7 26. Kf2 Ke8 27.
Ke1 Kf7 28. Kf2 Ke8 29. Ke1 Kf7 30. Kf2 Ke8 1/2-1/2